終疆 . 湛疆基地 . 5
| 資料類型: | 圖書 | 書目號: | 51737 |
Leader xxxxxxxxxx 001 __ 102497/0/01 005 __ 20171120175620.837 010 0_ |a978-986-92911-2-5|b第5冊 : 平裝|d新臺幣249元 042 __ |anbim 100 __ |a20171120d2016 k y0chiy50 e 101 0_ |achi 102 __ |atw 105 __ |ay z 000ay 200 1_ |a終疆|h5|i湛疆基地|f御我著 205 __ |a初版 210 __ |a臺北市|c平裝本出版|c皇冠發行|d2016[民105] 215 0_ |a270面|d21公分 225 12 |a御我作品集|v5 517 1_ |a湛疆基地|zchi 681 __ |a857.7|b875 v.5 700 _0 |a御我|4著 801 _0 |atw|bLibDipper|c20171120|gCCR |